| 000 | 00489nam a22001697a 4500 | ||
|---|---|---|---|
| 003 | NUST | ||
| 005 | 20260514101115.0 | ||
| 008 | 260514b ||||| |||| 00| 0 eng d | ||
| 020 | _a 979-8286979455 | ||
| 082 |
_a004.019 _bQIU |
||
| 100 |
_a Qiusheng Wu _9134455 |
||
| 245 |
_aIntroduction to GIS Programming: A Practical Python Guide to Open Source Geospatial Tools / _c Qiusheng Wu. |
||
| 260 |
_aUSA: _c2025. |
||
| 300 |
_a556 p ; _c32.5 cm |
||
| 563 | _aPaperback | ||
| 942 |
_2ddc _cBK |
||
| 999 |
_c617447 _d617447 |
||